000 00784nam a2200289Ia 4500
003 OSt
005 20221006142118.0
006 a|||||r|||| 00| 0
007 ta
008 221006b |||||||| |||| 00| 0 eng d
020 _a083172790X
_c329.45
020 _a9780831727901
024 _a5,325
037 _cTextual
040 _aEASL
_cEASL
_beng
041 _2eng
_aeng
082 _aY:1.1D:(P:4k), M0
100 _aCOTTERELL Arthur Ed.
245 0 _aEncyclopedia of ancient civilizations
260 _aNew York
_bMayflower Books
_c1980
300 _a367p.
_ccm.
490 _v Oth
650 _a Gen
650 _aAncient civilization - China
_9646906
942 _hY:1.1D:(P:4k), M0
_cTEXL
_2CC
999 _c1073411
_d1073411